000 00387 a2200169 4500
001 157489
020 _a978-85-96-02052-7
040 _cEscola São Tomás de Aquino
100 _aLOBATO, Monteiro
240 1 0 _aA costureira das fadas
_lpor
245 1 0 _aA costureira das fadas
300 _a28
362 0 _a2019
440 1 _aFTD
697 _a*LITERATURA INFANTO
942 _cBK
999 _c157489
_d157489